| 000 | 00860nam a2200229Ii 4500 | ||
|---|---|---|---|
| 003 | JO-AjNU | ||
| 008 | 230605s9999||||xx |||||||||||||| ||und|| | ||
| 017 | _a2014/6/2865 | ||
| 020 | _a978-9957-00-580-1 | ||
| 040 |
_aJO-AjNU _bara _erda _cJO-AjNU |
||
| 041 | _aara | ||
| 050 | 1 | 4 | _aJF1525.2014 |
| 100 | 3 |
_aتوق، محي الدين شعبان, _eauthor _963145 |
|
| 245 | 0 | 0 | _aالحكومة الرشيدة ومكافحة الفساد منظور اتفاقية الامم المتحدة لمكافحة الفساد |
| 250 | _aط1 | ||
| 264 | 3 | 1 | _aعمان: دار الشروق للنشر والتوزيع، 2014 |
| 300 | _a391ص | ||
| 336 |
_atext _btxt _2rdacontent |
||
| 337 |
_aunmediated _bn _2rdamedia |
||
| 338 |
_avolume _bnc _2rdacarrier |
||
| 650 | 4 |
_aالقانون الاداري-الفساد السياسي-الامم المتحدة _963146 |
|
| 999 |
_aA28627 _c32195 _d32195 |
||